000 00791nam a2200181Ia 4500
008 090124s9999 xx 000 0 und d
082 _b25315
_a2706
100 _aपवार बा. ग.
245 _a कर्मवीर भाऊराव पाटील (ग्रामीण शिक्षण चळवळीचे जनक)
250 _a1
260 _c1987
300 _a400
600 _aपवार बा. ग.
630 _a कर्मवीर भाऊराव पाटील (ग्रामीण शिक्षण चळवळीचे जनक)
700 _aपवार बा. ग.
730 _a कर्मवीर भाऊराव पाटील (ग्रामीण शिक्षण चळवळीचे जनक)
942 _cBOOK
999 _c138831
_d138831